| 000 | 00334nam a2200133Ia 4500 | ||
|---|---|---|---|
| 005 | 20260328104256.0 | ||
| 008 | 260328s9999||||xx |||||||||||||| ||und|| | ||
| 100 | _aJones, Kenneth J. | ||
| 245 | 0 |
_aPanamá Hoy : _b Retrato de una nación / _cKenneth J. Jones |
|
| 260 | _bFocus | ||
| 300 | _a205 p. | ||
| 650 | _aPANAMÁ | ||
| 942 | _cBK | ||
| 999 |
_c10441 _d10441 |
||